[Event "European Senior Team Chess Championship "]
[Site "Hotel AIRO Vienna, Kurbadstr. "]
[Date "2015.07.20"]
[Round "9"]
[White "Sandmeier, Toni"]
[Black "Zhelnin, Vladimir V"]
[Result "0-1"]
[WhiteElo "2171"]
[BlackElo "2473"]
[PlyCount "100"]
[EventDate "2015.07.12"]
[EventType "team"]
[EventRounds "9"]
[EventCountry "AUT"]
[WhiteTeam "Schachclub Eppingen"]
[BlackTeam "Russia 1"]

1. c4 g6 2. g3 Bg7 3. Bg2 e5 4. Nc3 d6 5. e3 Nc6 6. Nge2 Nge7 7. O-O O-O 8. d4
exd4 9. Nxd4 Nxd4 10. exd4 Nf5 11. d5 Re8 12. Ne4 h6 13. Re1 Bd7 14. Rb1 c5 15.
Qd3 b5 16. cxb5 Qa5 17. Bf4 Bxb5 18. Qa3 Qxa3 19. bxa3 Bd3 20. Nxd6 Nxd6 21.
Bxd6 Bxb1 22. Rxb1 Rac8 23. Bf4 g5 24. Bd2 Bf8 25. f4 Re2 26. Rd1 g4 27. Bf1
Re4 28. Bd3 Ra4 29. Bf5 Rd8 30. Bc3 Bg7 31. Be5 Bxe5 32. fxe5 Rd4 33. Rxd4 cxd4
34. d6 f6 35. exf6 Rxd6 36. Bxg4 Rxf6 37. Be2 Kg7 38. Kg2 Re6 39. Kf2 Re3 40.
a4 a5 41. Bc4 Kf6 42. Bb3 Ke5 43. Bg8 Rc3 44. Bb3 Ke4 45. Ke2 d3+ 46. Kd2 Rc6
47. h4 Kd4 48. g4 Rf6 49. Ke1 Ke3 50. Bc4 Rf4 0-1

[Event "European Senior Team Chess Championship "]
[Site "Hotel AIRO Vienna, Kurbadstr. "]
[Date "2015.07.20"]
[Round "9"]
[White "Zakharov, Alexander"]
[Black "Staub, Gerhard"]
[Result "1-0"]
[WhiteElo "2329"]
[BlackElo "2051"]
[PlyCount "81"]
[EventDate "2015.07.12"]
[EventType "team"]
[EventRounds "9"]
[EventCountry "AUT"]
[WhiteTeam "Russia 1"]
[BlackTeam "Schachclub Eppingen"]

1. d4 Nf6 2. c4 e6 3. Nf3 b6 4. a3 Bb7 5. Nc3 Be7 6. d5 O-O 7. e4 exd5 8. cxd5
Re8 9. Bc4 Bd6 10. O-O Ba6 11. Bxa6 Nxa6 12. Re1 Ng4 13. h3 Ne5 14. Nd4 Nc5 15.
Rf1 Ng6 16. Qc2 Qf6 17. Nde2 a5 18. f4 Qh4 19. e5 Bf8 20. Be3 d6 21. b4 Nd7 22.
Qf5 Qe7 23. Nd4 dxe5 24. Nc6 Qd6 25. Rad1 exf4 26. Bd4 Ne7 27. Nxe7+ Qxe7 28.
Qxf4 f6 29. Nb5 Ne5 30. Bxe5 fxe5 31. Qc4 axb4 32. d6+ Qe6 33. Qxe6+ Rxe6 34.
Nxc7 Rxd6 35. Nxa8 Rxd1 36. Rxd1 Bc5+ 37. Kf1 bxa3 38. Nc7 Bd4 39. Nb5 Bb2 40.
Rd8+ Kf7 41. Ra8 1-0